000
00332nam a2200133Ia 4500
008
230818s1998 xx 000 0 und d
041
_a
eng
100
_a
Eurodelioes
245
_a
Dine With Europe meat & Poultry
260
_b
Konemann Pub Bonner
_c
1998
300
_a
335p
520
_a
Reference Copy
999
_c
851928
_d
851928
650
_a
Food Production